Химическая технология, свойства и применение пластмасс: межвузовский сборник научных трудов

Dettagli Bibliografici
Ente Autore: Ленинградский технологический институт им. Ленсовета (ЛТИ)
Altri autori: Николаев А. Ф. (редактор)
Lingua:russo
Pubblicazione: Ленинград, Изд-во ЛТИ, 1986
Soggetti:
Natura: MixedMaterials Libro
KOHA link:https://koha.lib.tpu.ru/cgi-bin/koha/opac-detail.pl?biblionumber=268315

MARC

LEADER 00000nam0a2200000 4500
001 268315
005 20231101234145.0
035 |a (RuTPU)RU\TPU\book\291466 
090 |a 268315 
100 |a 20140901d1986 k y0rusy50 ca 
101 0 |a rus 
102 |a RU 
105 |a a z 001zy 
200 1 |a Химическая технология, свойства и применение пластмасс  |e межвузовский сборник научных трудов  |f Ленинградский технологический институт им. Ленсовета (ЛТИ) ; под ред. А. Ф. Николаева 
210 |a Ленинград  |c Изд-во ЛТИ  |d 1986 
215 |a 168 с.  |c ил. 
320 |a Библиогр. в конце ст. 
606 1 |a Пластмассы  |x Применение в промышленности  |2 stltpush  |3 (RuTPU)RU\TPU\subj\49129  |9 67940 
610 1 |a химическая технология 
610 1 |a свойства 
610 1 |a синтез 
610 1 |a прочность 
610 1 |a горючесть 
610 1 |a износостойкость 
675 |a 678.5.02  |v 3 
702 1 |a Николаев  |b А. Ф.  |4 340 
712 0 2 |a Ленинградский технологический институт им. Ленсовета (ЛТИ)  |2 stltpush  |3 (RuTPU)RU\TPU\col\1462 
801 1 |a RU  |b 63413507  |c 20140901 
801 2 |a RU  |b 63413507  |c 20160203  |g RCR 
942 |c BK